Vista normal
Vista MARC
Entrada Topical Term
Número de registros utilizados en: 1
001 - CONTROL NUMBER
- control field: 38915
003 - CONTROL NUMBER IDENTIFIER
- control field: OSt
005 - DATE AND TIME OF LATEST TRANSACTION
- control field: 20230915232100.0
008 - FIXED-LENGTH DATA ELEMENTS
- fixed length control field: 230915|| aca||aabn | a|a d
040 ## - CATALOGING SOURCE
- Original cataloging agency: OSt
- Transcribing agency: OSt
150 ## - HEADING--TOPICAL TERM
- Topical term or geographic name entry element: Literatura histórica colombiana - Historia y crítica - Siglos XVI - XXI
670 ## - SOURCE DATA FOUND
- Source citation: Work cat.: (OSt)33075: González Ortega, Nelson Arturo 38914, Colombia, una nación en formación en su historia y literatura (siglos XVI - XXI) : , c2013